000 00761nam a2200289Ia 4500
005 20260324121046.0
008 008 260324s9999 xx 000 0 eng d
020 _a9780429075971
037 _aEBOOK
040 _aCRL
040 _beng
040 _cCRL
041 _2eng
041 _aeng
084 _qCRL
100 _aShafiullah Khan; Muhammad Mostafa Monowar; Al-Sakib Khan Pathan
_91161028
245 0 _aSimulation Technologies in Networking and Communications
245 0 _bSelecting the Best Tool for the Test
260 _bTaylor and Francis
260 _c2014
365 _a
365 _b305
856 _uhttp://www.taylorfrancis.com/books/9780429075971
942 _cEBOOK
999 _c1752892
_d1752892